ბათუმის შოთა რუსთაველის სახელმწიფო უნივერსიტეტის ბიბლიოთეკა

მოთხრობები. (ბიბ.ჩანაწერი № 50279)

000 -LEADER
fixed length control field 00592nam a2200205Ia 4500
001 - CONTROL NUMBER
control field 17218
003 - CONTROL NUMBER IDENTIFIER
control field GE_BSU
008 - FIXED-LENGTH DATA ELEMENTS--GENERAL INFORMATION
fixed length control field 181216s||||||||xx |||||||||||||| ||und||
040 ## - CATALOGING SOURCE
Transcribing agency GE_BSU
080 ## - UNIVERSAL DECIMAL CLASSIFICATION NUMBER
Universal Decimal Classification number 82-93:821.353.1-32
100 ## - MAIN ENTRY--PERSONAL NAME
Personal name დევდარიანი, კლავდია
245 ## - TITLE STATEMENT
Title მოთხრობები.
245 ## - TITLE STATEMENT
Statement of responsibility, etc. რედ. ბ. ჟღენტი
260 ## - PUBLICATION, DISTRIBUTION, ETC.
Place of publication, distribution, etc. თბილისი
260 ## - PUBLICATION, DISTRIBUTION, ETC.
Name of publisher, distributor, etc. საბლიტგამი
260 ## - PUBLICATION, DISTRIBUTION, ETC.
Date of publication, distribution, etc. 1950
300 ## - PHYSICAL DESCRIPTION
Extent 34გვ. : ილ. ; 19სმ
653 ## - INDEX TERM--UNCONTROLLED
Uncontrolled term მოთხრობები.
942 ## - ADDED ENTRY ELEMENTS (KOHA)
Koha item type წიგნი
ეგზემპლარები
Withdrawn status Lost status Damaged status Not for loan Date acquired Barcode Date last seen Price effective from Koha item type
        2018-12-17 22024 2018-12-17 2018-12-17 წიგნი
        2018-12-17 22025 2018-12-17 2018-12-17 წიგნი